banner-ar

TESTING COMPUTER SONFTWAR / (Record no. 16392)

MARC details
000 -الفاتح
حقل البيانات ثابتة الطول 00483nam a2200193Ia 4500
008 - عناصر البيانات ثابتة الطول - معلومات عامة
حقل البيانات ثابتة الطول 140319s9999 xx 000 0 eng d
040 ## - مصدر الفهرسة
وكالة الفهرسة الأصلية GCL /
وكالة النسخ GCL
082 04 - رقم تصنيف ديوى العشرى
رقم التصنيف 005.14
رقم المادة K T
100 1# - المدخل الرئيسى - إسم شخصى
الإسم الشخصى KANER, CEM
245 10 - بيان العنوان
العنوان TESTING COMPUTER SONFTWAR /
بيان المسئوليه,etc KANER, CEM
700 1# - المدخل الاضافى - اسم شخصى
الإسم الشخصى FALK, JACK
700 1# - المدخل الاضافى - اسم شخصى
الإسم الشخصى NGUYEN,HUNGQUOC
260 ## - PUBLICATION, DISTRIBUTION, ETC. (IMPRINT)
تاريخ النشر أو التوزيع 1993
300 ## - الوصف المادى
التعداد 480
650 04 - المدخل الاضافى بالموضوع-مصطلح موضوعى
مصطلح موضوعي COMPUTER SOFTWARE
650 04 - المدخل الاضافى بالموضوع-مصطلح موضوعى
مصطلح موضوعي TESTING
942 ## - عناصر المدخل الإضافي( كوها)
مصدر التصنيف او مخطط الترفيف Dewey Decimal Classification
Koha [default] item type كتاب
260 ## - PUBLICATION, DISTRIBUTION, ETC. (IMPRINT)
-- [S.N] :
-- VAN NOSTRAND REINHOLD ،
Holdings
حالة التراجع حالة الفقد حالة تلف ليس للاعارة المكان المؤقت الموقع الحالى تاريخ الاكتساب اجمالي اﻻعارات رقم الطلب الباركود تاريخ اخر مشاهدة تاريخ تفعيل السعر نوع وعاء كوها
        مكتبة القاهرة الكبرى مكتبة القاهرة الكبرى 03/26/2014   005.14\K T 29805 03/26/2014 03/26/2014 كتاب
        مكتبة القاهرة الكبرى مكتبة القاهرة الكبرى 03/26/2014   005.14\K T 29806 03/26/2014 03/26/2014 كتاب

Powered By

EGPV